Catálogo
 En Linea

El milagro del cometa / (Registro nro. 8305)

Detalles MARC
000 -CABECERA
campo de control de longitud fija 00639nam a2200205 a 4500
001 - NÚMERO DE CONTROL
campo de control 000008535
005 - FECHA Y HORA DE LA ÚLTIMA TRANSACCIÓN
campo de control 20200929161347.0
008 - DATOS DE LONGITUD FIJA--INFORMACIÓN GENERAL
campo de control de longitud fija 090917s1986 dr 001 0 spa d
040 ## - FUENTE DE LA CATALOGACIÓN
Centro catalogador/agencia de origen DO-SdBNP
082 ## - NÚMERO DE LA CLASIFICACIÓN DECIMAL DEWEY
Número de clasificación 523.642
Número de documento/Ítem R173m
049 ## - FONDOS LOCALES (OCLC)
Fondos de biblioteca BNPD
100 1# - ENTRADA PRINCIPAL--NOMBRE DE PERSONA
Nombre de persona Ramírez Corria, Filiberto,
Fechas asociadas al nombre 1904-
9 (RLIN) 22886
245 13 - MENCIÓN DE TÍTULO
Título El milagro del cometa /
Mención de responsabilidad, etc. Filiberto Ramírez Corria.
260 ## - PUBLICACIÓN, DISTRIBUCIÓN, ETC.
Lugar de publicación, distribución, etc. Santo Domingo :
Nombre del editor, distribuidor, etc. Taller,
Fecha de publicación, distribución, etc. 1986.
300 ## - DESCRIPCIÓN FÍSICA
Extensión 224 p. ;
Dimensiones 19 cm.
500 ## - NOTA GENERAL
Nota general Incluye datos biográficos del autor en la contracubierta
650 #4 - PUNTO DE ACCESO ADICIONAL DE MATERIA--TÉRMINO DE MATERIA
Término de materia o nombre geográfico como elemento de entrada Cometa halley,
9 (RLIN) 22887
650 #4 - PUNTO DE ACCESO ADICIONAL DE MATERIA--TÉRMINO DE MATERIA
Término de materia o nombre geográfico como elemento de entrada Fin del mundo
9 (RLIN) 22888
651 #4 - PUNTO DE ACCESO ADICIONAL DE MATERIA--NOMBRE GEOGRÁFICO
Nombre geográfico Cuba
Subdivisión general Historia
Subdivisión cronológica 1903-1933
9 (RLIN) 22889
Existencias
Estado de retiro Estado de pérdida No para préstamo Código de colección Localización permanente Ubicación/localización actual Ubicación en estantería Fecha de adquisición Número de inventario Total de préstamos Signatura topográfica completa Código de barras Fecha visto por última vez Precio válido a partir de Tipo de ítem Koha Número de copia
    Excluido de préstamo Patrimonio Dominicano Patrimonio Dominicano Patrimonio Dominicano En catalogación 17.09.2009 LF1   523.642 R173m 8535-10 25.06.2020 25.06.2020 Libro y Folleto Colección Patrimonio Dominicano  
    Excluido de préstamo Patrimonio Dominicano Patrimonio Dominicano Patrimonio Dominicano En catalogación 01.10.2009 LF1   523.642 R173m 8535-20 25.06.2020 25.06.2020 Libro y Folleto Colección Patrimonio Dominicano e. 2

Con tecnología Koha